Il nodo gordiano tra diritto nazionale e diritto europeo

Bibliographic Details
Main Author: Falletti, Elena
Other Authors: Piccone, Valeria
Format: eBook
Language:Italian
Published: Bari : Cacucci Editore, 2012
Subjects:
Online Access:http://www.vlex.com/source/6791

MARC

LEADER 00000nam a22000007a 4500
005 20130215123035.0
007 cr|||| ||||
008 130215e2012 it |||||s|||| 00| 0 ita d
020 |a 886611104X 
035 |a 6791 
040 |a vLex 
090 |c 3655  |d 3655 
100 1 0 |a Falletti, Elena 
245 1 3 |a Il nodo gordiano tra diritto nazionale e diritto europeo  |h [Recurso electrn̤ico]  
256 |a Servicio en ln̕ea 
260 |a Bari :  |b Cacucci Editore,   |c 2012  
300 |a 1 Recurso electrn̤ico 
650 0 4 |a Derecho comunitario  |z Italia 
700 1 0 |a Piccone, Valeria 
740 |a vLex Libros (Servicio en ln̕ea) 
856 |a Acceso restringido  |u http://www.vlex.com/source/6791 
942 |c BOOK 
999 0 |a European Union